Logos de marques de tracteurs - Statistiques

Statistiques générales
  • Ce quiz a été pris 1 825 fois
  • Le résultat moyen est 8 sur 16
Statistiques - réponses
Par images Réponse % Correct
John Deere
90%
Massey Fergusson
86%
Claas
84%
Valtra
83%
Deutz Fahr
74%
Kubota
73%
Case IH
67%
Fendt
60%
Landini
47%
Fiatagri
44%
McCormick
44%
Merlo
32%
Zetor
29%
Ursus
8%
Versatile
8%
Fortschritt
2%
Aucun quiz correspondant
Distribution des résultats
% des personnes avec chaque résultat
Percentile par nombre de réponses
Votre historique - résultats
Vous n’avez pas pris ce quiz